00676 2200253 4500001002100000005001500021035002000036245005400056100002400110260004300134008004100177082001100218084001700229020001800246650001200264650001800276650003900294650000800333990001500341990001500356990001700371990001700388990001700405INLIS00000000000020520251203090621 a0010-11250002051 aTips & Trik Membuat Website /cBudi Adha Nuryanto1 aNuryanto, Budi Adha aBandung :bMutiara Ilmu Bandung,c2008251203 g 0 ind  a006.76 a006.76 NUR t a602-8239-30-5 aWebsite aIlmu Komputer aTeknologi Informasi dan Komunikasi aTIK a0309/TP/15 a0309/TP/15 a0309.2/TP/15 a0309.3/TP/15 a0309.4/TP/15